Digital signal processing using Matlab

Guardat en:
Dades bibliogràfiques
Autors principals: Ingle, Vinay K (Autor), Proakis, John G (Autor)
Format: Llibre
Idioma:anglès
Publicat: Pacific Grove, Ca., USA Brooks-Cole 2000
Col·lecció:BookWare Companion Series
Matèries:
Accés en línia:Disponible Online - Cap. 1, 2 y 3
Etiquetes: Afegir etiqueta
Sense etiquetes, Sigues el primer a etiquetar aquest registre!

MARC

LEADER 00000nam a2200000 a 4500
001 UCL7714
003 CL-VaPUC
005 20240531093355.0
008 040528e20000000US |||||||||||||||||eng|d
999 |c 309338  |d 309336 
020 |a 0534371744 
040 |c Pontificia Universidad Católica de Valparaíso 
082 0 4 |a 621.3822 ING 2000  |2 21 
100 0 |a Ingle, Vinay K  |e author  |9 485619 
245 1 0 |a Digital signal processing using Matlab 
260 |a Pacific Grove, Ca., USA  |b Brooks-Cole  |c 2000 
300 |a 418 páginas  
440 |a BookWare Companion Series  |9 860622 
583 |a last modification  |c 20040528 00:00:00  |k Rodrigo Vera 
650 0 |a Ingeniería de comunicaciones  |2 CL-VaPUC  |9 485621 
650 0 |a Procesamiento de señales   |9 260702 
650 7 |a MATLAB  |2 CL-VaPUC  |9 330763 
650 0 |a Aplicaciones de computadores  |9 260401 
650 0 |a Señales digitales   |9 453966 
650 0 |a Software  |9 387312 
700 0 |a Proakis, John G  |e author  |9 485620 
856 |u http://bibliografiadigital.pucv.cl.pucv.idm.oclc.org/index.php/bibliotecapucv/catalog/book/331  |y Disponible Online - Cap. 1, 2 y 3  
942 |c BK  |2 ddc 
945 |d 20040528 00:00:00  |a cmena 
952 |0 0  |1 0  |4 0  |6 621_382200000000000_ING_2000  |7 0  |8 A  |9 376764  |a BIBING  |b BIBING  |d 2019-11-21  |i 4018419  |l 1  |o 621.3822 ING 2000  |p 4018419  |r 2025-01-20  |s 2023-04-10  |w 2019-11-21  |y BK  |k EIE